| 000 | 00606nam a2200205Ia 4500 | ||
|---|---|---|---|
| 005 | 20250923145124.0 | ||
| 008 | 008 250917s9999 xx 000 0 eng d | ||
| 037 | _aTextual | ||
| 040 |
_aDSWL _beng _cDSWL |
||
| 041 |
_aeng _2eng |
||
| 084 |
_aY31:393.4452'N64t4, N68 _qDSWL |
||
| 100 |
_aKivlin, J.E. _9831976 |
||
| 245 | 0 |
_aCommunication in India _cby J.E. Kivlin |
|
| 260 |
_aHydrabad _bInstitute of Community Dev. _c1968 |
||
| 300 | _axvi,261 p. | ||
| 365 |
_aINR _b4 |
||
| 925 | _g4 | ||
| 942 |
_cTEXL _hY31:393.4452'N64t4, N68 |
||
| 999 |
_c1447412 _d1447412 |
||